Ακροναυπλία : (θρύλος και πραγματικότητα)
Αποθηκεύτηκε σε:
| Κύριος συγγραφέας: | |
|---|---|
| Μορφή: | Βιβλίο |
| Γλώσσα: | Greek |
| Δημοσίευση: |
Αθήνα :
Κ. Καπόπουλος,
1975.
|
| Θέματα: | |
| Ετικέτες: |
Προσθήκη ετικέτας
Δεν υπάρχουν, Καταχωρήστε ετικέτα πρώτοι!
|
MARC
| LEADER | 00000cam a2200000 i 4500 | ||
|---|---|---|---|
| 001 | 1/30222 | ||
| 008 | 060526s1975 gr | ||| |||| ||gre|| | ||
| 035 | |l 10084094 | ||
| 040 | |a GR-MyUa |b gre |e AACR2 | ||
| 041 | 0 | |a gre | |
| 082 | 7 | |a 938.747 |2 (22) | |
| 100 | 1 | |a Μανούσακας, Γιάννης. | |
| 245 | 1 | 0 | |a Ακροναυπλία : |b (θρύλος και πραγματικότητα) / |c Γιάννη Μανούσακα. |
| 260 | |a Αθήνα : |b Κ. Καπόπουλος, |c 1975. | ||
| 300 | |a 365 σ. ; |c 20 εκ. | ||
| 610 | 2 | 0 | |a Akronauplia (Concentration camp) |
| 650 | 0 | |a Political prisoners |z Greece |x Biography. | |
| 852 | |a INST |b LESVOS |e 20060526 |h 938.747 ΜΑΝ |p 005100035053 |q 005100035053 |t BK |y 0 | ||
| 901 | |a BIBL1-2006-2 | ||
| 970 | |a ΚΑΡΑ |b ΓΙΑΣΕΜΗ |z 2006/05/26 | ||